[Event "only under 1800"]
[Site "SchemingMind.com"]
[Date "2017.11.21"]
[Round "-"]
[White "Wojtek26"]
[Black "Omahony"]
[Result "0-1"]
[WhiteCountry "POL"]
[BlackCountry "ENG"]
[WhiteElo "1425"]
[WhiteRD "58"]
[BlackElo "1792"]
[BlackRD "69"]
[GameID "421052"]

1. d4 d5 2. c4 c6 3. e3 Nf6 4. Nf3 e6 5. Be2 Bd6 6. c5 Bc7 7. O-O O-O 8. Nbd2 Nbd7 9. a3 e5 10. b4 Re8
11. Qc2 Re7 12. Nxe5 Nxe5 13. dxe5 Bxe5 14. Rb1 a6 15. Bb2 Bxb2 16. Qxb2 Bf5 17. Rbc1 Qc7 18. Nf3 Rae8 19. Nd4 Bg6 20. Rfd1 Ne4
21. Bf3 Re5 22. Ne2 h6 23. Nf4 Bf5 24. Nd3 R5e7 25. Nf4 Nf6 26. h3 Qd7 27. Qd4 Re5 28. Nd3 R5e7 29. Nf4 Be4 30. Bxe4 Rxe4
31. Qd3 R8e7 32. Ne2 Nh5 33. Nc3 R4e5 34. Na4 Qe6 35. Nb6 Nf6 36. Qc2 Ne8 37. Rd4 Nc7 38. a4 Rxe3 39. fxe3 Qxe3+ 40. Kh1 Qxd4
41. Nc8 Rd7 42. Nb6 Rd8 43. Qb1 Re8 44. Rd1 Qf2 45. Rf1 Qe3 46. Qf5 Qe6 47. Qf4 Qe7 48. a5 Ne6 49. Qe3 Qd8 50. Re1 Re7
51. Na4 d4 52. Qe5 d3 53. Rd1 d2 54. Qb2 Rd7 55. Nb6 Rd4 56. Qc3 Ng5 57. Nc8 Ne4 58. Qe3 Qf6 59. Ne7+ Kf8 60. Nf5 Rxb4
61. Rf1 Qxf5 62. Rxf5 d1=Q+ 63. Kh2 Qd2 64. Qf3 Ng5 65. Qf1 Rh4 66. Rf2 Qd4 67. Qe1 Re4 68. Qf1 Qxc5 69. g3 Qe7 70. h4 Re1
71. Qd3 Ne4 72. Rf4 g5 73. hxg5 Nxg5 74. Qf5 Qe2+
0-1

[Event "only under 1800"]
[Site "SchemingMind.com"]
[Date "2017.11.21"]
[Round "-"]
[White "Omahony"]
[Black "Wojtek26"]
[Result "1-0"]
[WhiteCountry "ENG"]
[BlackCountry "POL"]
[WhiteElo "1792"]
[WhiteRD "69"]
[BlackElo "1425"]
[BlackRD "58"]
[GameID "421053"]

1. d4 d5 2. Bf4 Nf6 3. e3 e6 4. Nd2 c5 5. c3 c4 6. h3 Bd6 7. Ne2 O-O 8. Nf3 Nc6 9. Ne5 Bxe5 10. dxe5 Nd7
11. Nd4 Ncxe5 12. Be2 h6 13. O-O g5 14. Bg3 Qe7 15. f4 gxf4 16. Bxf4 Qh4 17. b3 Ng6 18. Bh2 Nde5 19. Qc2 Qg5 20. Bf4 Qe7
21. Bxh6 Re8 22. Rf2 Kh7 23. Bf4 Nd3 24. Bxd3 cxd3 25. Qxd3 Kg7 26. Bg3 Bd7 27. Raf1 Rf8 28. e4 dxe4 29. Qxe4 b6 30. Re1 Rab8
31. Bxb8 Rxb8 32. Qf3 Rh8 33. Qg3 Qc5 34. Ref1 Be8 35. Rf6 e5 36. R6f5 Rh4 37. Qf2 Re4 38. Kh1 Qxc3 39. Rxf7+ Bxf7 40. Qxf7+ Kh6
41. Nf5+ Kg5 42. Qg7 Qd3 43. Qh6+ Kf6 44. Rf3 Qb1+ 45. Kh2 Rf4 46. Rxf4 exf4 47. Nh4 Qd3 48. Qxg6+ Qxg6 49. Nxg6 Kxg6 50. Kg1 Kg5
51. Kf2 a6 52. Kf3 b5 53. b4 Kf5 54. h4
1-0

[Event "only under 1800"]
[Site "SchemingMind.com"]
[Date "2017.11.26"]
[Round "-"]
[White "aliwood"]
[Black "Wojtek26"]
[Result "0-1"]
[WhiteCountry "ENG"]
[BlackCountry "POL"]
[WhiteElo "1301"]
[WhiteRD "55"]
[BlackElo "1506"]
[BlackRD "54"]
[GameID "421061"]

1. Nf3 d5 2. d4 e6 3. c4 c5 4. e3 Nc6 5. Be2 Nf6 6. O-O cxd4 7. exd4 Be7 8. Nc3 O-O 9. a3 Ne4 10. Nxe4 dxe4
11. Ne5 Nxe5 12. dxe5 Bc5 13. Qxd8 Rxd8 14. Be3 Bxe3 15. fxe3 b6 16. b3 Ba6 17. Rfe1 Rd2 18. Bg4 Rb2 19. b4 Bxc4 20. Rac1 b5
21. Rb1 Rd2 22. Red1 Rad8 23. h3 Ba2 24. Ra1 Bb3 25. Rxd2 Rxd2 26. Rb1 Ba4 27. Kh2 Rd3
0-1

[Event "only under 1800"]
[Site "SchemingMind.com"]
[Date "2017.11.26"]
[Round "-"]
[White "Wojtek26"]
[Black "aliwood"]
[Result "1-0"]
[WhiteCountry "POL"]
[BlackCountry "ENG"]
[WhiteElo "1506"]
[WhiteRD "54"]
[BlackElo "1301"]
[BlackRD "55"]
[GameID "421062"]

1. d4 d5 2. c4 e5 3. dxe5 d4 4. Nf3 c5 5. e3 Nc6 6. Be2 Be6 7. exd4 cxd4 8. Bd2 Bb4 9. a3 Bxd2+ 10. Nbxd2 Nge7
11. O-O O-O 12. Nb3 b6 13. Nbxd4 Nxd4 14. Nxd4 Bd7 15. Bf3 Rc8 16. b3 Ng6 17. Ne2 Qe7 18. Bd5 Nxe5 19. Nf4 Bg4 20. f3 Bf5
21. Re1 Qf6 22. Bb7 Rcd8 23. Nd5 Qd6 24. g4 Qc5+ 25. Kg2 Bg6 26. Rxe5 Qd6 27. Ne7+ Kh8 28. Nxg6+ fxg6 29. Qxd6 Rxd6 30. Bd5 a6
31. Rae1 Rdf6 32. Re8 Rxe8 33. Rxe8+ Rf8 34. Rxf8#
1-0

[Event "only under 1800"]
[Site "SchemingMind.com"]
[Date "2017.11.26"]
[Round "-"]
[White "aliwood"]
[Black "Omahony"]
[Result "0-1"]
[WhiteCountry "ENG"]
[BlackCountry "ENG"]
[WhiteElo "1325"]
[WhiteRD "61"]
[BlackElo "1797"]
[BlackRD "68"]
[GameID "421063"]

1. Nf3 d5 2. d4 c6 3. c4 e6 4. Nc3 a6 5. e3 Nf6 6. b3 Bd6 7. Bd3 Nbd7 8. c5 Bc7 9. O-O e5 10. dxe5 Nxe5
11. Nxe5 Bxe5 12. Bb2 O-O 13. Rb1 Bg4 14. Qd2 Qe7 15. f3 Bh5 16. b4 Bg6 17. Bxg6 hxg6 18. a3 Rfe8 19. Qe2 Bxc3 20. Bxc3 Qxe3+
21. Qxe3 Rxe3 22. Bb2 Rae8 23. Bd4 Rxa3 24. h4 Re2 25. Bf2 Raa2 26. Rbe1 Nh5 27. Rxe2 Rxe2 28. Re1 Nf4 29. g3 Rxe1+ 30. Bxe1 Nd3
31. Bc3 f6 32. Kf1 Kf7 33. Ke2 Ne5 34. Ke3 Ke6 35. f4 Ng4+ 36. Kf3 Nh6
0-1

[Event "only under 1800"]
[Site "SchemingMind.com"]
[Date "2017.11.26"]
[Round "-"]
[White "Omahony"]
[Black "aliwood"]
[Result "1-0"]
[WhiteCountry "ENG"]
[BlackCountry "ENG"]
[WhiteElo "1797"]
[WhiteRD "68"]
[BlackElo "1325"]
[BlackRD "61"]
[GameID "421064"]

1. d4 d5 2. Bf4 Nf6 3. e3 c5 4. c3 Nc6 5. Bd3 e6 6. h3 Bd6 7. Bxd6 Qxd6 8. f4 O-O 9. Nf3 a6 10. Ne5 cxd4
11. exd4 Qc7 12. Nd2 Nxe5 13. fxe5 Ne4 14. Nxe4 dxe4 15. Bxe4 Rb8 16. O-O b5 17. a3 Bb7 18. Qf3 Bxe4 19. Qxe4 Qd8 20. Rf2 Qe7
21. Raf1 Rbe8 22. Rf4 Kh8 23. Rh4 g6 24. Rhf4 h5 25. Rf6 Kg7 26. g4 Rh8 27. Qf3 Ref8 28. Rf2 hxg4 29. Qxg4 Rh7 30. Kg2 Kg8
31. R2f4 Qb7+ 32. Kh2 Rg7 33. h4 b4 34. axb4 a5 35. Qf3 Qa7 36. b5
1-0

[Event "only under 1800"]
[Site "SchemingMind.com"]
[Date "2017.11.29"]
[Round "-"]
[White "aliwood"]
[Black "kenneth m day"]
[Result "0-1"]
[WhiteCountry "ENG"]
[BlackCountry "USA"]
[WhiteElo "1279"]
[WhiteRD "64"]
[BlackElo "1759"]
[BlackRD "62"]
[GameID "421328"]

1. Nf3 d5 2. d4 Nc6 3. c4 Bg4 4. Nc3 Nf6 5. cxd5 Nxd5 6. Nxd5 Qxd5 7. Bd2 O-O-O 8. g3 e5 9. Bg5 f6 10. Bd2 Bd6
11. Bg2 Qe6 12. O-O h5 13. e3 e4 14. Qc1 exf3 15. Bh1 h4 16. Be1 hxg3 17. fxg3 g5 18. Qc2 Qxe3+ 19. Bf2 Qe6 20. Rae1 Qd5
21. b3 Bh3 22. Re3 Bxf1 23. Kxf1 g4
0-1

[Event "only under 1800"]
[Site "SchemingMind.com"]
[Date "2017.11.29"]
[Round "-"]
[White "kenneth m day"]
[Black "aliwood"]
[Result "1-0"]
[WhiteCountry "USA"]
[BlackCountry "ENG"]
[WhiteElo "1759"]
[WhiteRD "62"]
[BlackElo "1279"]
[BlackRD "64"]
[GameID "421329"]

1. e4 e5 2. Nf3 Nc6 3. c3 d5 4. Qa4 f6 5. d3 Ne7 6. Be2 Be6 7. O-O Qd7 8. Be3 a6 9. Nbd2 O-O-O 10. b4 Nxb4
11. Qxb4 Nc6 12. Qb2 d4 13. cxd4 exd4 14. Bf4 Bc5 15. a4 Rhf8 16. Rfc1 Ba7 17. Rab1 b6 18. Nb3 Bxb3 19. Qxb3 a5 20. Nd2 g5
21. Bg3 Rfe8 22. h3 Kb8 23. Bf3 Ka8 24. e5 fxe5 25. Bxc6+ Qxc6 26. Rxc6 Bb8 27. Qc4 Re7 28. Qa6+ Ba7 29. Bxe5 Rdd7 30. Rbxb6 cxb6
31. Rc8#
1-0

[Event "only under 1800"]
[Site "SchemingMind.com"]
[Date "2017.11.27"]
[Round "-"]
[White "kenneth m day"]
[Black "Wojtek26"]
[Result "1-0"]
[WhiteCountry "USA"]
[BlackCountry "POL"]
[WhiteElo "1716"]
[WhiteRD "59"]
[BlackElo "1425"]
[BlackRD "58"]
[GameID "421330"]

1. e4 e5 2. Nf3 Nc6 3. c3 Nf6 4. d4 exd4 5. e5 Nd5 6. Qb3 Nb6 7. cxd4 Bb4+ 8. Bd2 Bxd2+ 9. Nbxd2 O-O 10. Be2 Re8
11. O-O d6 12. Rfe1 dxe5 13. dxe5 Nxe5 14. Rad1 Be6 15. Qc3 Ng6 16. Ne4 Qe7 17. b3 Rad8 18. Ne5 Nd5 19. Qg3 Nxe5 20. Qxe5 Nb4
21. Qb2 Bf5 22. Bf3 Qh4 23. Ng3 Bg6 24. h3 Nd3 25. Rxe8+ Rxe8 26. Qd2 Qe7 27. Bxb7 h6 28. Ba6 Nc5 29. Bc4 Ne6 30. Qa5 Nf4
31. Qxa7 Bc2 32. Rc1 Bg6 33. Bb5 Rd8 34. Qxc7 Nd5 35. Qxe7 Nxe7 36. a4 Ra8 37. Rc7 Nf5 38. Nxf5 Bxf5 39. Bc6 g5 40. Bxa8
1-0

[Event "only under 1800"]
[Site "SchemingMind.com"]
[Date "2017.11.28"]
[Round "-"]
[White "Wojtek26"]
[Black "kenneth m day"]
[Result "0-1"]
[WhiteCountry "POL"]
[BlackCountry "USA"]
[WhiteElo "1425"]
[WhiteRD "58"]
[BlackElo "1716"]
[BlackRD "59"]
[GameID "421331"]

1. d4 Nf6 2. c4 e6 3. e3 c5 4. Nf3 d5 5. Nc3 Nc6 6. Be2 b6 7. O-O Bb7 8. a3 Be7 9. cxd5 exd5 10. dxc5 Bxc5
11. b4 Be7 12. Bb2 O-O 13. Bd3 Re8 14. Qc2 Bd6 15. Ng5 Ne5 16. Bxh7+ Nxh7 17. Qxh7+ Kf8 18. Qh8+ Ke7 19. Qxg7 Rg8 20. Qh6 Kd7
21. Nb5 Rg6 22. Nxf7 Qf6 23. Nxe5+ Bxe5 24. Qh7+ Rg7 25. Qh3+ Ke7 26. f4 Bxb2 27. e4 Bxa1 28. e5 Bxe5 29. fxe5 Qxe5 30. Qh4+ Kd7
31. Qh3+ Qe6 32. Qd3 Rag8 33. g3 Rf7 34. Rxf7+ Qxf7 35. Nd4 Rf8 36. Qe2 Re8 37. Qg4+ Kd6 38. Nf5+ Kc6 39. Nd4+ Kc7 40. Nb5+ Kb8
41. Nd6 Re1+
0-1

[Event "only under 1800"]
[Site "SchemingMind.com"]
[Date "2017.11.26"]
[Round "-"]
[White "kenneth m day"]
[Black "Omahony"]
[Result "0-1"]
[WhiteCountry "USA"]
[BlackCountry "ENG"]
[WhiteElo "1722"]
[WhiteRD "59"]
[BlackElo "1786"]
[BlackRD "71"]
[GameID "421332"]

1. e4 e6 2. d4 d5 3. Nd2 dxe4 4. Nxe4 Nd7 5. Nf3 Be7 6. Bd3 Ngf6 7. Be3 O-O 8. Qd2 b6 9. O-O-O Bb7 10. Nxf6+ Nxf6
11. Ne5 c5 12. dxc5 bxc5 13. Qc3 Qc7 14. Bf4 Bd6 15. Rhe1 Rfd8 16. f3 Nd5 17. Qd2 Nb4 18. Bc4 Nd5 19. Bg3 a5 20. Qe2 Rab8
21. Bd3 Ba8 22. Nc4 Bxg3 23. hxg3 Nf6 24. g4 a4 25. Rh1 Rd5 26. g5 Qf4+ 27. Qe3 Qxg5 28. Qxg5 Rxg5 29. Rh2 Bd5 30. Kb1 Rb4
31. Na3 c4 32. Be2 c3 33. b3 axb3 34. axb3 Kf8 35. Ka2 Rb8 36. Bc4 Ra8 37. Bxd5 Nxd5 38. Rxh7 Nb4+ 39. Kb1 Rxa3 40. Rd7 Kg8
41. Rh2 g6 42. Rc7 Rd5 43. Rh1 Rd2 44. Rxc3 Rxg2 45. Rc4 Nd5 46. Kb2 Ra8 47. b4 Rb8 48. Kb3 Rg3 49. c3 Rxf3 50. Rhh4 Kg7
51. Rhe4 g5 52. Rg4 Kg6 53. Rge4 Kf5 54. Red4 Rf4
0-1

[Event "only under 1800"]
[Site "SchemingMind.com"]
[Date "2017.11.26"]
[Round "-"]
[White "Omahony"]
[Black "kenneth m day"]
[Result "1-0"]
[WhiteCountry "ENG"]
[BlackCountry "USA"]
[WhiteElo "1792"]
[WhiteRD "69"]
[BlackElo "1716"]
[BlackRD "59"]
[GameID "421333"]

1. d4 Nf6 2. e3 d6 3. Bd3 g6 4. f4 Bg7 5. Nf3 O-O 6. O-O Bg4 7. Qe1 Nc6 8. c3 Re8 9. Nbd2 Qd7 10. Qh4 h6
11. h3 Bxf3 12. Nxf3 e5 13. fxe5 dxe5 14. Bc2 Rad8 15. dxe5 Nxe5 16. Nxe5 Rxe5 17. Rxf6 Bxf6 18. Qxf6 Re6 19. Qf3 c6 20. e4 Kg7
21. Be3 b6 22. Rf1 Qe7 23. Qf4 g5 24. Qg4 f6 25. h4 Kh8 26. hxg5 fxg5 27. Bd4+ Kg8 28. Bb3 Rd6 29. Rf6
1-0

[Event "only under 1800"]
[Site "SchemingMind.com"]
[Date "2017.12.21"]
[Round "-"]
[White "aliwood"]
[Black "Scooter"]
[Result "1/2-1/2"]
[WhiteCountry "ENG"]
[BlackCountry "USA"]
[WhiteElo "1342"]
[WhiteRD "64"]
[BlackElo "1679"]
[BlackRD "56"]
[GameID "422225"]

1. Nf3 Nf6 2. c4 g6 3. d4 Bg7 4. e3 O-O 5. Nc3 d6 6. b3 Bg4 7. Be2 Nbd7 8. Bb2 c6 9. Rb1 d5 10. O-O Re8
11. c5 Bxf3 12. Bxf3 e5 13. b4 e4 14. Be2 b6 15. a3 bxc5 16. bxc5 Rb8 17. Ba1 Qc7 18. Qd2 Rxb1 19. Rxb1 Rb8 20. h3 Rxb1+
21. Nxb1 Ne8 22. Nc3 Qa5 23. Bb2 Nc7 24. Qc2 Kf8 25. a4 Na6 26. Na2 Qe1+ 27. Kh2 Nb4 28. Nxb4 Qxb4 29. Bc3 Qb8+ 30. g3 Qd8
31. Qd2 Qf6 32. Bf1 Nxc5 33. dxc5 Qxc3 34. Qe2 Qxc5 35. Qg4 f5 36. Qf4 Qb4 37. Ba6 Bf6 38. Bc8 Qxa4 39. Qd6+ Be7 40. Qb8 Kf7
41. Bd7 Qc2 42. Qe8+ Kg7 43. Qxe7+ Kh6 44. Qf8+ Kg5 45. Qe7+ Kh6 46. Qf8+=
1/2-1/2

[Event "only under 1800"]
[Site "SchemingMind.com"]
[Date "2017.12.21"]
[Round "-"]
[White "Scooter"]
[Black "aliwood"]
[Result "1-0"]
[WhiteCountry "USA"]
[BlackCountry "ENG"]
[WhiteElo "1656"]
[WhiteRD "56"]
[BlackElo "1279"]
[BlackRD "64"]
[GameID "422226"]

1. d4 d5 2. Nf3 Nf6 3. Bf4 e6 4. e3 c5 5. Bb5+ Bd7 6. Bxd7+ Nbxd7 7. c3 c4 8. Nbd2 Be7 9. O-O O-O 10. Qc2 b5
11. Rfe1 a5 12. Ne5 Nxe5 13. Bxe5 a4 14. b3 axb3 15. axb3 Rxa1 16. Rxa1 b4 17. bxc4 bxc3 18. Qxc3 Ne4 19. Nxe4 dxe4 20. c5 f6
21. Bg3 h6 22. Qb3 Kf7 23. Ra7 Re8 24. Bd6 Kg8 25. Qxe6+ Kh8 26. Rxe7 Rxe7 27. Qxe7
1-0

[Event "only under 1800"]
[Site "SchemingMind.com"]
[Date "2017.12.22"]
[Round "-"]
[White "Scooter"]
[Black "kenneth m day"]
[Result "0-1"]
[WhiteCountry "USA"]
[BlackCountry "USA"]
[WhiteElo "1671"]
[WhiteRD "51"]
[BlackElo "1731"]
[BlackRD "61"]
[GameID "422227"]

1. d4 Nf6 2. Nf3 d6 3. Bf4 g6 4. e3 Bg7 5. Be2 O-O 6. O-O Nbd7 7. Nbd2 c5 8. c3 b6 9. h3 Bb7 10. Qb3 Rc8
11. Qc2 Re8 12. Qa4 a5 13. Bb5 Rc7 14. Nc4 Nd5 15. Bxd7 Qxd7 16. Qxd7 Rxd7 17. e4 Nxf4 18. Nxb6 Rdd8 19. d5 e6 20. dxe6 Rxe6
21. Rfd1 Bxe4 22. Ng5 Re5 23. Nxe4 Rxe4
0-1

[Event "only under 1800"]
[Site "SchemingMind.com"]
[Date "2017.12.22"]
[Round "-"]
[White "kenneth m day"]
[Black "Scooter"]
[Result "1-0"]
[WhiteCountry "USA"]
[BlackCountry "USA"]
[WhiteElo "1716"]
[WhiteRD "59"]
[BlackElo "1679"]
[BlackRD "56"]
[GameID "422228"]

1. e4 c6 2. c4 d5 3. cxd5 cxd5 4. exd5 Qxd5 5. d4 Nc6 6. Nf3 Bg4 7. Nc3 Bxf3 8. Nxd5 Bxd1 9. Nc7+ Kd7 10. Nxa8 Bc2
11. Bf4 Nxd4 12. Nc7 Ba4 13. Rc1 e6 14. Bd3 Bb4+ 15. Bd2 Bxd2+ 16. Kxd2 Bc6 17. Rc4 Kxc7 18. Rxd4 Nf6 19. f3 Nd5 20. Rc1 Kd6
21. Be4 Rd8 22. b4 Ke7 23. a3 a6 24. g3 f5 25. Bb1 g6 26. Ba2 Rd6 27. Re1 Nc7 28. Rxd6 Kxd6 29. Ke2 Nb5 30. Kf2 Bd5
31. Bxd5 Kxd5 32. a4 Nc3 33. Rc1 Nxa4 34. Rc7 b5 35. Rxh7 Nb2 36. Ke3 Nc4+ 37. Kd3 a5 38. bxa5 Nxa5 39. Ra7 Nc6 40. Ra8 Ne5+
41. Ke3 Nc4+ 42. Kd3 Ne5+ 43. Ke2 b4 44. Rb8 Kc4 45. Rb6 b3 46. f4 Nd3 47. Kd2 Nc5 48. h3 Na4 49. Rxe6
1-0

[Event "only under 1800"]
[Site "SchemingMind.com"]
[Date "2017.12.23"]
[Round "-"]
[White "Scooter"]
[Black "Wojtek26"]
[Result "1-0"]
[WhiteCountry "USA"]
[BlackCountry "POL"]
[WhiteElo "1671"]
[WhiteRD "51"]
[BlackElo "1457"]
[BlackRD "52"]
[GameID "422229"]

1. d4 d5 2. Nf3 e6 3. Bf4 Nf6 4. e3 g6 5. Be2 Bg7 6. O-O O-O 7. h3 Nbd7 8. Nbd2 b6 9. c4 Bb7 10. cxd5 Nxd5
11. Bg3 c5 12. Rc1 N7f6 13. a3 Qd7 14. Ne5 Qe7 15. Nec4 Nd7 16. Bd6 Qd8 17. Bxf8 Bxf8 18. Nf3 b5 19. Nce5 Nxe5 20. Nxe5 Bg7
21. Bxb5 a6 22. Bc6 Bxc6 23. Nxc6 Qc7 24. Rxc5 Qb6 25. b4 Bf6 26. Qf3 Rc8 27. Rfc1 Re8 28. e4 Ne7 29. Qxf6 Nxc6 30. Rxc6 Qb7
31. Rc7
1-0

[Event "only under 1800"]
[Site "SchemingMind.com"]
[Date "2017.12.26"]
[Round "-"]
[White "Wojtek26"]
[Black "Scooter"]
[Result "0-1"]
[WhiteCountry "POL"]
[BlackCountry "USA"]
[WhiteElo "1426"]
[WhiteRD "54"]
[BlackElo "1656"]
[BlackRD "56"]
[GameID "422230"]

1. d4 Nf6 2. c4 g6 3. e3 Bg7 4. Nf3 O-O 5. Be2 b6 6. O-O Bb7 7. Nbd2 d6 8. a3 Nbd7 9. b4 Re8 10. Nb3 e5
11. dxe5 Nxe5 12. Nxe5 dxe5 13. Bb2 Qxd1 14. Rfxd1 e4 15. Rac1 Rad8 16. Rxd8 Rxd8 17. Rd1 Rxd1+ 18. Bxd1 Nd7 19. Bxg7 Kxg7 20. Be2 c5
21. bxc5 Nxc5 22. Nxc5= bxc5 23. g3 Bc6 24. Kf1= Kf6 25. h4 h5 26. Ke1 Ba4 27. Kd2 Ke5 28. Kc3 Kf5 29. Kd2 Be8 30. Bd1 f6
31. Kc3 g5 32. hxg5 fxg5 33. f3 exf3 34. Bxf3 g4 35. Be2 Bc6 36. Bd3+ Be4 37. Bxe4+ Kxe4
0-1

[Event "only under 1800"]
[Site "SchemingMind.com"]
[Date "2017.12.26"]
[Round "-"]
[White "Scooter"]
[Black "Omahony"]
[Result "0-1"]
[WhiteCountry "USA"]
[BlackCountry "ENG"]
[WhiteElo "1656"]
[WhiteRD "56"]
[BlackElo "1794"]
[BlackRD "77"]
[GameID "422231"]

1. d4 d5 2. Nf3 Bf5 3. e3 e6 4. Bd3 Nh6 5. O-O Bd6 6. Bxf5 Nxf5 7. Nbd2 O-O 8. c4 c6 9. c5 Bc7 10. Re1 Nd7
11. b4 a6 12. a4 e5 13. dxe5 Nxe5 14. Nxe5 Bxe5 15. Rb1 Qc7 16. Nf3 Bf6 17. Bb2 Qe7 18. Nd4 Qd7 19. Qg4 Bxd4 20. Bxd4 Qe6
21. Qd1 Rfe8 22. b5 axb5 23. axb5 Ra7 24. bxc6 bxc6 25. Qg4 f6 26. h3 Rae7 27. Kf1 Qe4 28. Bxf6 Nxe3+ 29. Rxe3 Qxb1+ 30. Ke2 Qc2+
31. Kf1 Qc1+ 32. Ke2 Rxe3+ 33. fxe3 Rxe3+
0-1

[Event "only under 1800"]
[Site "SchemingMind.com"]
[Date "2017.12.26"]
[Round "-"]
[White "Omahony"]
[Black "Scooter"]
[Result "1-0"]
[WhiteCountry "ENG"]
[BlackCountry "USA"]
[WhiteElo "1792"]
[WhiteRD "69"]
[BlackElo "1679"]
[BlackRD "56"]
[GameID "422232"]

1. d4 Nf6 2. e3 d5 3. Bd3 g6 4. f4 Bg7 5. Nf3 Bg4 6. O-O O-O 7. Nbd2 Nbd7 8. Qe1 Bxf3 9. Nxf3 e6 10. c3 c5
11. Ne5 cxd4 12. exd4 Nxe5 13. fxe5 Nd7 14. Be3 a6 15. Qd2 b5 16. a3 Rc8 17. Rf3 Nb6 18. Raf1 Nc4 19. Qf2 Nxe3 20. Qxe3 Qb6
21. h4 a5 22. Qf2 Rc7 23. h5 Qb8 24. Qh4 b4 25. axb4 axb4 26. hxg6 fxg6 27. Qh3 Re7 28. Be2 bxc3 29. bxc3 Qc8 30. Rxf8+ Bxf8
31. Bg4 Qa6 32. Rf6 Kg7 33. Qf3 Qc8 34. Qh3 h5 35. Bxe6
1-0

[Event "only under 1800"]
[Site "SchemingMind.com"]
[Date "2018.01.05"]
[Round "-"]
[White "Scooter"]
[Black "TheHornedReaper "]
[Result "1-0"]
[WhiteCountry "USA"]
[BlackCountry "ROU"]
[WhiteElo "1728"]
[WhiteRD "52"]
[BlackElo "1246"]
[BlackRD "49"]
[GameID "422855"]

1. d4 d5 2. Nf3 Nf6 3. Bf4 c5 4. e3 Nc6 5. Bb5 Bf5 6. O-O a6 7. Bxc6+ bxc6 8. c3 cxd4 9. Nxd4 Bd7 10. Nd2 c5
11. Ne2 e6 12. Bg5 Be7 13. Nf3 O-O 14. Ne5 Qc7 15. Bxf6 Bxf6 16. Nxd7 Qxd7 17. Rc1 Rfb8 18. b3 Rb7 19. c4 d4 20. exd4
1-0

[Event "only under 1800"]
[Site "SchemingMind.com"]
[Date "2018.01.05"]
[Round "-"]
[White "TheHornedReaper "]
[Black "Scooter"]
[Result "0-1"]
[WhiteCountry "ROU"]
[BlackCountry "USA"]
[WhiteElo "1246"]
[WhiteRD "49"]
[BlackElo "1728"]
[BlackRD "52"]
[GameID "422856"]

1. e4 c6 2. d4 d5 3. e5 Bf5 4. Nf3 e6 5. Be2 Nd7 6. O-O c5 7. c3 cxd4 8. cxd4 Bb4 9. Nc3 Ne7 10. Bd2 O-O
11. a3 Bxc3 12. Bxc3 a6 13. Rc1 b5 14. Be1 Rc8 15. Bb4 Re8 16. Qd2 Nc6 17. Bc5 Nxc5 18. dxc5 Qc7 19. b4 Nxe5
0-1

[Event "only under 1800"]
[Site "SchemingMind.com"]
[Date "2018.01.05"]
[Round "-"]
[White "TheHornedReaper "]
[Black "kenneth m day"]
[Result "0-1"]
[WhiteCountry "ROU"]
[BlackCountry "USA"]
[WhiteElo "1246"]
[WhiteRD "49"]
[BlackElo "1717"]
[BlackRD "58"]
[GameID "422858"]

1. e4 e5 2. Nf3 Nc6 3. Bb5 f5 4. Nc3 fxe4 5. Nxe4 Nf6 6. Nxf6+ gxf6 7. O-O Bg7 8. d4 O-O 9. c3 d6 10. d5 Ne7
0-1

[Event "only under 1800"]
[Site "SchemingMind.com"]
[Date "2018.01.10"]
[Round "-"]
[White "Wojtek26"]
[Black "TheHornedReaper "]
[Result "1-0"]
[WhiteCountry "POL"]
[BlackCountry "ROU"]
[WhiteElo "1498"]
[WhiteRD "62"]
[BlackElo "1246"]
[BlackRD "49"]
[GameID "422859"]

1. d4 d5 2. c4 e6 3. e3 Nf6 4. c5 Be7 5. Nf3 O-O 6. Bb5 c6 7. Ba4 b6 8. b4 b5 9. Bc2 a5 10. bxa5 Rxa5
11. Bd2 Ra8 12. Ne5 Bb7 13. O-O Nbd7 14. Nxd7 Qxd7 15. Nc3 Ba6 16. Re1
1-0

[Event "only under 1800"]
[Site "SchemingMind.com"]
[Date "2018.01.06"]
[Round "-"]
[White "TheHornedReaper "]
[Black "Wojtek26"]
[Result "0-1"]
[WhiteCountry "ROU"]
[BlackCountry "POL"]
[WhiteElo "1246"]
[WhiteRD "49"]
[BlackElo "1498"]
[BlackRD "62"]
[GameID "422860"]

1. e4 e5 2. Nf3 Nc6 3. Bb5 Nge7 4. d4 a6 5. Bxc6 Nxc6 6. d5 Ne7 7. O-O d6 8. h3 Bd7 9. c4 g6 10. Nc3 Bg7
11. Be3 O-O 12. Qc2 b5 13. b3 c6 14. Rad1 c5 15. Qd2 b4 16. Ne2 Qc7 17. Bh6 Bxh6 18. Qxh6 f5
0-1

[Event "only under 1800"]
[Site "SchemingMind.com"]
[Date "2018.01.05"]
[Round "-"]
[White "Omahony"]
[Black "TheHornedReaper "]
[Result "1-0"]
[WhiteCountry "ENG"]
[BlackCountry "ROU"]
[WhiteElo "1797"]
[WhiteRD "68"]
[BlackElo "1246"]
[BlackRD "49"]
[GameID "422861"]

1. d4 d5 2. e3 Nf6 3. Bd3 e6 4. f4 c5 5. c3 Nc6 6. Nf3 Bd6 7. O-O c4 8. Bc2 O-O 9. Nbd2 b5 10. a3 a6
11. Ne5 Bxe5 12. fxe5 Nd7 13. Rf3
1-0

[Event "only under 1800"]
[Site "SchemingMind.com"]
[Date "2018.01.05"]
[Round "-"]
[White "TheHornedReaper "]
[Black "Omahony"]
[Result "0-1"]
[WhiteCountry "ROU"]
[BlackCountry "ENG"]
[WhiteElo "1246"]
[WhiteRD "49"]
[BlackElo "1797"]
[BlackRD "68"]
[GameID "422862"]

1. e4 e6 2. d4 d5 3. e5 c5 4. c3 Qb6 5. Nf3 Nc6 6. a3 cxd4 7. cxd4 Nge7 8. b4 Nf5 9. Bb2 Be7 10. Be2 Bd7
11. O-O Rc8 12. Qd3 O-O 13. Nbd2 Rc7
0-1

[Event "only under 1800"]
[Site "SchemingMind.com"]
[Date "2018.01.17"]
[Round "-"]
[White "aliwood"]
[Black "Phillip Beckett"]
[Result "0-1"]
[WhiteCountry "ENG"]
[BlackCountry "ENG"]
[WhiteElo "1325"]
[WhiteRD "61"]
[BlackElo "1643"]
[BlackRD "55"]
[GameID "423313"]

1. Nf3 Nf6 2. d4 d5 3. c4 e6 4. Nc3 Be7 5. e3 O-O 6. Be2 dxc4 7. O-O Nbd7 8. Bxc4 c5 9. a3 cxd4 10. exd4 Nb6
11. Bb3 Nbd5 12. Nxd5 Nxd5 13. Re1 Nf6 14. Bf4 Bd7 15. Rc1 Bc6 16. Rc2 Nd5 17. Bc1 Nf6 18. Be3 Rc8 19. Ne5 Bd5 20. Rxc8 Qxc8
21. Bxd5 Nxd5 22. Bc1 g6 23. Qf3 Nf6 24. h3 Nd5 25. Bd2 Bd6 26. Rc1 Qb8 27. Kf1 Bxe5 28. dxe5 f5 29. Re1 Qc7 30. Rc1 Qb6
31. Bg5 Qxb2 32. Re1 Qc3 33. Qxc3 Nxc3 34. Bh6 Rd8 35. f3 Rd1 36. Rxd1 Nxd1 37. Ke2 Nc3+
0-1

[Event "only under 1800"]
[Site "SchemingMind.com"]
[Date "2018.01.17"]
[Round "-"]
[White "Phillip Beckett"]
[Black "aliwood"]
[Result "1-0"]
[WhiteCountry "ENG"]
[BlackCountry "ENG"]
[WhiteElo "1605"]
[WhiteRD "56"]
[BlackElo "1342"]
[BlackRD "64"]
[GameID "423314"]

1. d4 d5 2. c4 c6 3. cxd5 cxd5 4. Nc3 Nf6 5. Bg5 Nc6 6. e3 g6 7. Nf3 Bg7 8. Rc1 O-O 9. a3 Be6 10. Bd3 a6
11. O-O b5 12. Ne2 Rc8 13. a4 Nb4 14. axb5 Nxd3 15. Qxd3 axb5 16. Ne5 Rxc1 17. Rxc1 b4 18. Nf4 Bf5 19. Qd2 Qb8 20. Bxf6 exf6
21. Nf3 Be4 22. Rc5 Rd8 23. Qc1 Rc8 24. Rxc8+ Bf8 25. Rxb8
1-0